Teams that Keylor Navas Has Played For - Statistics

General Stats
  • This quiz has been taken 236 times
    38 since last reset
  • The average score is 5 of 10
Answer Stats
Years Apps Team % Correct
2014-2019 104 Real Madrid
97%
2019-2024 75 Paris Saint-Germain
94%
2023 17 Nottingham Forest
77%
2008- 125 Costa Rica
69%
2011-2012 1 Levante
40%
2012-2014 46 Levante
40%
2005-2010 73 Saprissa
31%
2025 14 Newell's Old Boys
29%
2025- 15 Pumas UNAM
26%
2010-2012 36 Albacete
20%
No matching quizzes found
Score Distribution
Percent of People with Each Score
Percentile by Number Answered
Your Score History
You have not taken this quiz since the last reset